Jugadores Ecuador #1 - Estadísticas

Estadísticas generales
  • Esta prueba ha sido intentada 37 veces
  • La puntuación promedio es 14 de 20
Estadísticas de respuestas
Imagen Respuesta % Correcto
Caicedo
97%
Enner Valencia
94%
Hincapie
94%
Pacho
94%
Caicedo
86%
Kendry Paez
86%
Jeremy Sarmiento
83%
Plata
83%
Estupiñan
80%
Galindez
80%
Campana
77%
Preciado
74%
Alexander Dominguez
69%
Damian Diaz
69%
Joel Ordoñez
57%
Quintero
51%
Felix Torres
46%
Jhoanner Chavez
43%
Joao Ortiz
40%
Cristian Ramirez
37%
No se encontraron pruebas coincidentes
Distribución de puntuación
Porcentaje de gente con cada puntuación
Porcentaje por número respondido
Historial de tus puntuaciones
No has intentado esta prueba.